X-2 YENİ KÜTÜPHANECİ (Record no. 589075)

MARC details
000 -LEADER
sabit uzunluktaki kontrol alanı 00274nam a2200109Ia 4500
001 - KONTROL NUMARASI
kontrol alanı 589075
005 - EN SON İŞLEMİN TARİH VE ZAMANI
kontrol alanı 20250717120842.0
008 - SABİT-UZUNLUKTA VERİ ÖĞELERİ--GENEL BİLGİ
sabit uzunluktaki kontrol alanı 250717s9999 xx 000 0 und d
245 #0 - ESER / YAZAR
ESER ADI X-2 YENİ KÜTÜPHANECİ
Yazar Adı ALISON DONALD
260 ## - YAYIN, DAĞITIM, VB.
YAYIN EVİ İNDİGO YAYINLARI
Yayın, dağıtım tarihi, vb. 2018
300 ## - FİZİKSEL AÇIKLAMA
Diğer fiziksel ayrıntılar 18

No items available.